• 首页
  • 本馆介绍
  • 公告通知
  • 最新文献
  • 馆藏检索
  • 电子资源
  • 读者导购
  • 参考咨询
  • 我的图书馆
  • 登录
  • 详细信息显示
  • 放入我的书架
  • 预约/预借图书
  • 作者相关作品
  • 分类相关作品
  • 丛书相关作品
  • 出版社相关作品

书目信息

  • 表格格式
  • 工作单格式
  • 卡片格式
题名:
网络信息资源检索与利用
    
 
作者: 刘婧 主编
分册:  
出版信息: 北京   电子工业出版社  2018.01
页数: 215页
开本: 26cm
丛书名: 新时代·新文科×新工科·数字经济高质量人才培养系列
单 册:
中图分类: G254.92
科图分类:
主题词: 网络检索--wang lao jian suo--高等学校--教材
电子资源:
ISBN: 978-7-121-42812-8
000 01373nam 2200301 450
001 012001002370
005 20221208083411.03
010    @a978-7-121-42812-8@dCNY42.00
099    @aCAL 012022024676
100    @a20220905d2022 em y0chiy50 ea
101 0  @achi
102    @aCN@b110000
105    @aak a 000yy
106    @ar
200 1  @a网络信息资源检索与利用@Awang luo xin xi zi yuan jian suo yu li yong@f刘婧主编
205    @a第2版
210    @a北京@c电子工业出版社@d2018.01
215    @a215页@c图@d26cm
225 2  @a新时代·新文科×新工科·数字经济高质量人才培养系列@Axin shi dai · xin wen ke × xin gong ke · shu zi jing ji gao zhi liang ren cai pei yang xi lie@i产业数字化
305    @a2018年第1版
320    @a有书目
330    @a本书结合网络信息搜集与分析内容与方法的发展, 分为“检索”与“利用”两大部分, “检索”部分, 将“搜索引擎”单列为一章, 将“特种文献与网络免费学术资源检索”章节分为两章, 并更新补充了最新资源;“利用”部分, 更新了科技文献标准著录格式的版本, “网络信息资源综合应用”章节增加了“利用SciMat软件的主题演进分析”一节, 并更新了其他小节的应用案件。
410  0 @12001 @a新时代·新文科×新工科·数字经济高质量人才培养系列@i产业数字化
606 0  @a网络检索@Awang lao jian suo@x高等学校@j教材
690    @aG254.92@v5
701  0 @a刘婧@Aliu jing@4主编
801  0 @aCN@bAHXH@c20221111
905    @b1372748-50@dG254.92@e169=2@f3
    
    网络信息资源检索与利用/刘婧主编.-第2版.-北京:电子工业出版社,2018.01
    215页:图;26cm.-(新时代·新文科×新工科·数字经济高质量人才培养系列.产业数字化)
    
    
    ISBN 978-7-121-42812-8:CNY42.00
    本书结合网络信息搜集与分析内容与方法的发展, 分为“检索”与“利用”两大部分, “检索”部分, 将“搜索引擎”单列为一章, 将“特种文献与网络免费学术资源检索”章节分为两章, 并更新补充了最新资源;“利用”部分, 更新了科技文献标准著录格式的版本, “网络信息资源综合应用”章节增加了“利用SciMat软件的主题演进分析”一节, 并更新了其他小节的应用案件。
●
相关链接 在E读中查询图书 在五车中查询图书 在当当中查询图书 在豆瓣中查询图书


正题名:网络信息资源检索与利用     索取号:G254.92/169=2         预约/预借

序号 登录号 条形码 馆藏地/架位号 状态 备注
1 1372748   213727485   第一样本阅览室/ [索取号:G254.92/169=2] 在馆    
2 1372749   213727494   第四借阅区/ [索取号:G254.92/169=2] 在馆    
3 1372750   213727500   第四借阅区/ [索取号:G254.92/169=2] 在馆    
唐山师范学院图书馆 欢迎您!
大连网信软件有限公司© 版权所有